Normal view
MARC view
- وزارة التنمية الاجتماعية
Entry Personal Name
001 - CONTROL NUMBER
- control field: 31786
003 - CONTROL NUMBER IDENTIFIER
- control field: JO-AjAnu
005 - DATE AND TIME OF LATEST TRANSACTION
- control field: 20230606075340.0
008 - FIXED-LENGTH DATA ELEMENTS
- fixed length control field: 230606|| aca||aabn | a|a d
040 ## - CATALOGING SOURCE
- Original cataloging agency: JO-AjAnu
- Transcribing agency: JO-AjAnu
100 ## - HEADING--PERSONAL NAME
- Personal name: وزارة التنمية الاجتماعية
670 ## - SOURCE DATA FOUND
- Source citation: Work cat.: (JO-AjAnu)16321: وزارة التنمية الاجتماعية, author, الدليل التدريبي لموظفي وزارة التنمية الاجتماعية على دليل الاسس المهنية ومهارات العمل مع المجتمع المحلي